000
00218 a2200097 4500
001
11976
100
_a
Pye, L.W.
245
_a
Communications and politics
260
_a
_b
Princetion, new jersy
_c
090
_c
9228
_d
9228
942
_a
NUST-CAE
_c
M
_c
36076
999
_c
247049
_d
247049